[Event "Catalunya-ch U18/20"]
[Site "Salou"]
[Date "2021.03.27"]
[Round "1"]
[White "Garcia Ramos, Anais"]
[Black "Castillo Dalmau, Albert"]
[Result "0-1"]
[WhiteElo "1732"]
[BlackElo "2206"]
[PlyCount "31"]
[EventDate "2021.03.27"]
[EventType "swiss"]
[EventRounds "9"]
[EventCountry "ESP"]
[SourceTitle "CBM 202 Extra"]
[Source "ChessBase"]
[SourceDate "2021.07.31"]
[SourceVersion "1"]
[SourceVersionDate "2021.07.31"]
[SourceQuality "1"]

1. e4 g6 2. Nc3 Bg7 3. d3 c5 4. Be3 d6 5. g3 Nc6 6. Bg2 e5 7. Nge2 Nge7 8. 0-0 Be6 9. h3 Qd7 10. Kh2 0-0 11. f4 Nd4 12. g4 exf4 13. Nxf4 b5 14. Qd2 b4 15. Nd1 Rab8 16. c3 0-1

[Event "Sant Andreu Tram-B"]
[Site "Barcelona"]
[Date "2019.10.19"]
[Round "5"]
[White "Parra Ordorica, Arnau"]
[Black "Garcia Ramos, Anais"]
[Result "0-1"]
[WhiteElo "1562"]
[BlackElo "1793"]
[PlyCount "116"]
[EventDate "2019.09.14"]
[EventType "tourn"]
[EventRounds "9"]
[EventCountry "ESP"]
[SourceTitle "CBM 195 Extra"]
[Source "ChessBase"]
[SourceDate "2020.05.31"]
[SourceVersion "1"]
[SourceVersionDate "2020.05.31"]
[SourceQuality "1"]

1. d4 Nf6 2. c4 b6 3. g3 Bb7 4. Nf3 g6 5. Bg2 Bg7 6. 0-0 0-0 7. Nc3 d6 8. Ne1 Bxg2 9. Nxg2 Nbd7 10. e4 e5 11. d5 Nc5 12. Qc2 a5 13. Be3 Qc8 14. f3 Nh5 15. a3 Qa6 16. Nb5 Rfc8 17. Rf2 a4 18. Bxc5 bxc5 19. Ne3 Nf6 20. Raf1 c6 21. dxc6 Qxc6 22. Nc3 Nd7 23. Ned5 Re8 24. Nb5 Rab8 25. Nbc7 Nf8 26. Nxe8 Rxe8 27. Nc3 Ra8 28. Rd2 Ne6 29. Nb5 Nd4 30. Nxd4 cxd4 31. Rc1 Bh6 32. Rdd1 Bxc1 33. Rxc1 Rb8 34. Qf2 Qb6 35. Rc2 Qb3 36. Kg2 Rc8 37. Qd2 Rxc4 38. Rxc4 Qxc4 39. Kf2 d5 40. exd5 Qxd5 41. g4 Qc4 42. Qb4 Qxb4 43. axb4 Kf8 44. Ke2 Ke7 45. Kd3 f5 46. gxf5 gxf5 47. f4 exf4 48. Kxd4 Kd6 49. h3 Kc6 50. Kd3 Kb5 51. Ke2 Kxb4 52. Kf3 Kb3 53. Kxf4 Kxb2 54. Kxf5 a3 55. Kg5 a2 56. Kh6 a1Q 57. h4 Qb1 58. h5 Qf5 0-1

[Event "Barcelona Sant Marti op-B 18th"]
[Site "Barcelona"]
[Date "2016.07.17"]
[Round "5.27"]
[White "Martin Villanova, Jordi"]
[Black "Garcia Ramos, Anais"]
[Result "1-0"]
[WhiteElo "1919"]
[BlackElo "1392"]
[PlyCount "69"]
[EventDate "2016.07.13"]
[EventType "swiss"]
[EventRounds "9"]
[EventCountry "ESP"]
[SourceTitle "EXT 2024"]
[Source "ChessBase"]
[SourceDate "2023.10.10"]
[SourceVersion "1"]
[SourceVersionDate "2023.10.10"]
[SourceQuality "1"]

1. Nf3 d5 2. g3 Nf6 3. Bg2 c5 4. c4 Nc6 5. 0-0 e6 6. b3 Be7 7. Bb2 0-0 8. d4 cxd4 9. cxd5 Nxd5 10. Nxd4 Nxd4 11. Bxd4 Bf6 12. e4 Bxd4 13. Qxd4 Nf6 14. Qb4 e5 15. Nc3 Re8 16. Nd5 Nxd5 17. exd5 a5 18. Qb5 b6 19. Rfd1 Ba6 20. Qa4 b5 21. Qe4 Bb7 22. h4 f6 23. Bf1 Qd7 24. Bd3 g6 25. Qe2 Ba6 26. a4 Rab8 27. axb5 Bxb5 28. Rxa5 Bxd3 29. Qxd3 Red8 30. d6 Rb6 31. Qd5+ Kh8 32. Ra8 Rxa8 33. Qxa8+ Kg7 34. Qd5 Rb5 35. Qxb5 1-0

[Event "ESP-chT Regional U14"]
[Site "Padron"]
[Date "2016.06.26"]
[Round "6.34"]
[White "Garcia Ramos, Anais"]
[Black "Sanleon Pravisano, Nieves"]
[Result "1/2-1/2"]
[WhiteElo "1389"]
[BlackElo "1635"]
[PlyCount "59"]
[EventDate "2016.06.23"]
[EventType "team-swiss"]
[EventRounds "6"]
[EventCountry "ESP"]
[SourceTitle "EXT 2017"]
[Source "ChessBase"]
[SourceDate "2016.10.25"]
[SourceVersion "1"]
[SourceVersionDate "2016.10.25"]
[SourceQuality "1"]
[WhiteTeam "Catalunya"]
[BlackTeam "Valencia"]
[WhiteTeamCountry "ESP"]
[BlackTeamCountry "ESP"]

1. e4 c5 2. Nc3 e6 3. g3 d5 4. exd5 exd5 5. d4 c4 6. Bg2 Be6 7. Nge2 Bb4 8. 0-0 Bxc3 9. Nxc3 Ne7 10. Bf4 a6 11. Re1 Nbc6 12. Bg5 h6 13. Bxe7 Nxe7 14. Ne2 Ng6 15. Qd2 0-0 16. Nf4 Nxf4 17. Qxf4 Qd7 18. Qe5 Rad8 19. c3 Rfe8 20. Qf4 f6 21. b3 b5 22. b4 Bf7 23. Kf1 Rxe1+ 24. Rxe1 Re8 25. Rxe8+ Qxe8 26. Qd6 Qe6 27. Qxe6 Bxe6 28. Ke2 Kf8 29. Ke3 Ke7 30. a3 1/2-1/2

[Event "ESP-chT Regional U14"]
[Site "Padron"]
[Date "2016.06.23"]
[Round "2.24"]
[White "Garcia Ramos, Anais"]
[Black "Sosa Suarez, Carla Cristina"]
[Result "0-1"]
[WhiteElo "1389"]
[BlackElo "1667"]
[PlyCount "66"]
[EventDate "2016.06.23"]
[EventType "team-swiss"]
[EventRounds "6"]
[EventCountry "ESP"]
[SourceTitle "EXT 2017"]
[Source "ChessBase"]
[SourceDate "2016.10.25"]
[SourceVersion "1"]
[SourceVersionDate "2016.10.25"]
[SourceQuality "1"]
[WhiteTeam "Catalunya"]
[BlackTeam "Canarias"]
[WhiteTeamCountry "ESP"]
[BlackTeamCountry "ESP"]

1. e4 e6 2. d4 d5 3. e5 c5 4. c3 Nc6 5. Nf3 Bd7 6. Qc2 cxd4 7. cxd4 Nge7 8. Bd2 Nf5 9. Bc3 Rc8 10. Qb3 Qc7 11. Nbd2 Be7 12. Be2 0-0 13. 0-0 f6 14. exf6 Bxf6 15. Rfd1 Nfxd4 16. Nxd4 Nxd4 17. Bxd4 Bxd4 18. Nf3 Bb6 19. Qd3 Qf4 20. Qd2 Qf6 21. Rf1 Bc6 22. Rab1 e5 23. Qg5 e4 24. Qxf6 gxf6 25. Nd2 e3 26. Nf3 Rce8 27. Bd3 exf2+ 28. Kh1 Re3 29. Bc2 Re7 30. Rbd1 Re2 31. Rd2 Rxd2 32. Nxd2 Re8 33. Nf3 Bb5 0-1

[Event "Foment Martinenc op-B 18th"]
[Site "Barcelona"]
[Date "2016.04.23"]
[Round "1"]
[White "Pascual Gonzalez, Novelles Carle"]
[Black "Garcia Ramos, Anais"]
[Result "1/2-1/2"]
[WhiteElo "1839"]
[BlackElo "1437"]
[PlyCount "46"]
[EventDate "2016.04.23"]
[EventType "swiss"]
[EventRounds "9"]
[EventCountry "ESP"]
[SourceTitle "EXT 2017"]
[Source "ChessBase"]
[SourceDate "2016.10.25"]
[SourceVersion "1"]
[SourceVersionDate "2016.10.25"]
[SourceQuality "1"]

1. e4 e6 2. Nc3 d5 3. d4 Bb4 4. e5 c5 5. a3 Ba5 6. f4 cxd4 7. Qxd4 Nc6 8. Bb5 Nge7 9. Bd2 Bd7 10. Qd3 Bxc3 11. Bxc3 Qb6 12. Bxc6 Bxc6 13. Bd4 Qc7 14. Ne2 Nf5 15. c3 Nxd4 16. cxd4 f6 17. 0-0 0-0 18. b4 Qb6 19. Kh1 Bb5 20. Qe3 Qa6 21. Rfe1 Bxe2 22. Rxe2 fxe5 23. fxe5 Rf5 1/2-1/2

[Event "Barcelona Catalunya op 26th"]
[Site "Barcelona"]
[Date "2014.10.11"]
[Round "3"]
[White "Garcia Ramos, Anais"]
[Black "Thomas Font, Fernando"]
[Result "0-1"]
[WhiteElo "1792"]
[BlackElo "1808"]
[PlyCount "48"]
[EventDate "2014.09.27"]
[EventType "swiss"]
[EventRounds "9"]
[EventCountry "ESP"]
[SourceTitle "EXT 2017"]
[Source "ChessBase"]
[SourceDate "2016.10.25"]
[SourceVersion "1"]
[SourceVersionDate "2016.10.25"]
[SourceQuality "1"]

1. d4 d5 2. c4 c6 3. Nc3 Nf6 4. Nf3 e6 5. Bg5 Be7 6. e3 Nbd7 7. Bd3 dxc4 8. Bxc4 h6 9. Bxf6 Nxf6 10. 0-0 b5 11. Bd3 Bb7 12. e4 0-0 13. Bc2 Re8 14. Qd3 Nd7 15. d5 exd5 16. exd5 Nf8 17. dxc6 Qxd3 18. Bxd3 Bxc6 19. Nxb5 Red8 20. Rfd1 Bf6 21. Nc3 Rab8 22. Rab1 Bxc3 23. bxc3 Rxb1 24. Rxb1 Rxd3 0-1

[Event "Valles Occident-ch U12"]
[Site "Barcelona"]
[Date "2014.03.01"]
[Round "5.1"]
[White "Martinez Perez, Sergio"]
[Black "Garcia Ramos, Anais"]
[Result "1-0"]
[WhiteElo "1882"]
[BlackElo "1770"]
[PlyCount "53"]
[EventDate "2014.02.01"]
[EventType "swiss"]
[EventRounds "6"]
[EventCountry "ESP"]
[SourceTitle "EXT 2024"]
[Source "ChessBase"]
[SourceDate "2023.10.10"]
[SourceVersion "1"]
[SourceVersionDate "2023.10.10"]
[SourceQuality "1"]

1. e4 e6 2. d4 d5 3. exd5 exd5 4. Nf3 Bd6 5. Bd3 Bg4 6. 0-0 Nc6 7. c3 Qd7 8. b4 0-0-0 9. b5 Nce7 10. Nbd2 Nf6 11. a4 Ng6 12. g3 h5 13. Bxg6 fxg6 14. Qc2 Ne4 15. Nxe4 Bxf3 16. Ng5 Qg4 17. h3 Be4 18. hxg4 Bxc2 19. Nf7 Be4 20. Nxd8 hxg4 21. f3 gxf3 22. Nf7 f2+ 23. Kxf2 Rh2+ 24. Ke3 Bxg3 25. Ne5 Kd8 26. Nf3 Rc2 27. Bd2 1-0